Fetal medicine : (Record no. 3995)
[ view plain ]
| 000 -LEADER | |
|---|---|
| fixed length control field | 01651cam a2200445 a 4500 |
| 001 - CONTROL NUMBER | |
| control field | 1728245 |
| 003 - CONTROL NUMBER IDENTIFIER | |
| control field | ALUPE UNIVERSITY |
| 005 - DATE AND TIME OF LATEST TRANSACTION | |
| control field | 20220224092448.0 |
| 008 - FIXED-LENGTH DATA ELEMENTS--GENERAL INFORMATION | |
| fixed length control field | 951122s1995 enk b 000 0 eng u |
| 010 ## - LIBRARY OF CONGRESS CONTROL NUMBER | |
| LC control number | 93039528 |
| 020 ## - INTERNATIONAL STANDARD BOOK NUMBER | |
| International Standard Book Number | 0192619047 (hb) : |
| Terms of availability | $60.00 |
| 035 ## - SYSTEM CONTROL NUMBER | |
| System control number | ocm29361596 |
| 040 ## - CATALOGING SOURCE | |
| Original cataloging agency | DNLM/DLC |
| Language of cataloging | eng |
| Transcribing agency | ALUPE UNIVERSITY |
| Modifying agency | DLC |
| -- | AEU |
| 041 1# - LANGUAGE CODE | |
| Language code of text/sound track or separate title | eng |
| Language code of original | fre |
| 050 00 - LIBRARY OF CONGRESS CALL NUMBER | |
| Classification number | RG626 |
| Item number | .M42 1995 |
| 060 00 - NATIONAL LIBRARY OF MEDICINE CALL NUMBER | |
| Classification number | WQ 09 M488 1994a |
| 082 00 - DEWEY DECIMAL CLASSIFICATION NUMBER | |
| Classification number | 618.3/2 |
| Edition number | 20 |
| 090 0# - LOCALLY ASSIGNED LC-TYPE CALL NUMBER (OCLC); LOCAL CALL NUMBER (RLIN) | |
| Classification number (OCLC) (R) ; Classification number, CALL (RLIN) (NR) | RG 626 M42513 1995 |
| Local cutter number (OCLC) ; Book number/undivided call number, CALL (RLIN) | AEU |
| 130 0# - MAIN ENTRY--UNIFORM TITLE | |
| Uniform title | Médecine prénatale. |
| Language of a work | English. |
| 245 10 - TITLE STATEMENT | |
| Title | Fetal medicine : |
| Remainder of title | prenatal diagnosis and management / |
| Statement of responsibility, etc. | edited by Andr[a]e Bou[a]e ; translated by Michel Vekemans and Lola Cartier. |
| 260 ## - PUBLICATION, DISTRIBUTION, ETC. | |
| Place of publication, distribution, etc. | Oxford ; |
| -- | New York : |
| Name of publisher, distributor, etc. | Oxford University Press, |
| Date of publication, distribution, etc. | 1995. |
| 300 ## - PHYSICAL DESCRIPTION | |
| Extent | xi, 292 p. : |
| Other physical details | ill. ; |
| Dimensions | 24 cm. |
| 336 ## - CONTENT TYPE | |
| Content type term | text |
| Content type code | txt |
| Source | rdacontent |
| 337 ## - MEDIA TYPE | |
| Media type term | unmediated |
| Media type code | n |
| Source | rdamedia |
| 338 ## - CARRIER TYPE | |
| Carrier type term | volume |
| Carrier type code | nc |
| Source | rdacarrier |
| 490 1# - SERIES STATEMENT | |
| Series statement | Oxford monographs on medical genetics ; |
| Volume/sequential designation | 26 |
| 490 1# - SERIES STATEMENT | |
| Series statement | Oxford medical publications |
| 504 ## - BIBLIOGRAPHY, ETC. NOTE | |
| Bibliography, etc. note | Includes bibliographical references and index. |
| 583 1# - ACTION NOTE | |
| Action | committed to retain |
| Time/date of action | 20170930 |
| Action interval | 20421231 |
| Authorization | HathiTrust |
| Uniform Resource Identifier | <a href="https://www.hathitrust.org/shared_print_program">https://www.hathitrust.org/shared_print_program</a> |
| Institution to which field applies | AEU |
| Public note | HathiTrust Shared Print commitment 2017 |
| 650 #0 - SUBJECT ADDED ENTRY--TOPICAL TERM | |
| Topical term or geographic name entry element | Fetus |
| General subdivision | Diseases. |
| 650 #0 - SUBJECT ADDED ENTRY--TOPICAL TERM | |
| Topical term or geographic name entry element | Fetus |
| General subdivision | Abnormalities. |
| 650 #0 - SUBJECT ADDED ENTRY--TOPICAL TERM | |
| Topical term or geographic name entry element | Prenatal diagnosis. |
| 650 #2 - SUBJECT ADDED ENTRY--TOPICAL TERM | |
| Topical term or geographic name entry element | Prenatal Diagnosis |
| Form subdivision | methods. |
| 650 #2 - SUBJECT ADDED ENTRY--TOPICAL TERM | |
| Topical term or geographic name entry element | Fetal Diseases. |
| 650 #2 - SUBJECT ADDED ENTRY--TOPICAL TERM | |
| Topical term or geographic name entry element | Pregnancy Complications. |
| 700 1# - ADDED ENTRY--PERSONAL NAME | |
| Personal name | Boué, André. |
| 830 #0 - SERIES ADDED ENTRY--UNIFORM TITLE | |
| Uniform title | Oxford monographs on medical genetics ; |
| Volume/sequential designation | no. 26. |
| 830 #0 - SERIES ADDED ENTRY--UNIFORM TITLE | |
| Uniform title | Oxford medical publications. |
| 942 ## - ADDED ENTRY ELEMENTS (KOHA) | |
| Source of classification or shelving scheme | |
| Koha item type | Book |
| Suppress in OPAC | JO |
| Withdrawn status | Lost status | Source of classification or shelving scheme | Damaged status | Not for loan | Permanent Location | Current Location | Shelving location | Date acquired | Source of acquisition | Total Checkouts | Full call number | Barcode | Date last seen | Price effective from | Koha item type | Public note |
|---|---|---|---|---|---|---|---|---|---|---|---|---|---|---|---|---|
| AU LIBRARY | AU LIBRARY | Open Shelf | 24.02.2022 | DONATION FROM MOI UNIVERSITY | RG626 .M42 1995 | 28005685 | 24.02.2022 | 24.02.2022 | Book | JO |